Detalles MARC
| 000 -CABECERA |
| campo de control de longitud fija |
01722nam a2200325 i 4500 |
| 001 - NÚMERO DE CONTROL |
| campo de control |
000048352 |
| 003 - IDENTIFICADOR DEL NÚMERO DE CONTROL |
| campo de control |
DO-SdBNP |
| 005 - FECHA Y HORA DE LA ÚLTIMA TRANSACCIÓN |
| campo de control |
20231017153600.0 |
| 006 - CÓDIGOS DE INFORMACIÓN DE LONGITUD FIJA--CARACTERÍSTICAS DEL MATERIAL ADICIONAL |
| campo de control de longitud fija |
a||||gr|||| 00| 0 |
| 007 - CAMPO FIJO DE DESCRIPCIÓN FÍSICA--INFORMACIÓN GENERAL |
| campo de control de longitud fija |
ta |
| 008 - DATOS DE LONGITUD FIJA--INFORMACIÓN GENERAL |
| campo de control de longitud fija |
190211e2014 dr a r 000 spa d |
| 040 ## - FUENTE DE LA CATALOGACIÓN |
| Centro catalogador/agencia de origen |
DO-SdBNP |
| Lengua de catalogación |
spa |
| Centro/agencia transcriptor |
BNPHU |
| Normas de descripción |
rda |
| 082 #4 - NÚMERO DE LA CLASIFICACIÓN DECIMAL DEWEY |
| Número de documento/Ítem |
R426n |
| Número de edición |
22 |
| 110 1# - ENTRADA PRINCIPAL--NOMBRE DE ENTIDAD CORPORATIVA |
| Nombre de entidad corporativa o nombre de jurisdicción como elemento de entrada |
República Dominicana. Oficina Presidencial de Tecnología de la Información y Comunicaciones. |
| 9 (RLIN) |
37585 |
| 245 10 - MENCIÓN DE TÍTULO |
| Título |
Nortic A1 2014 : |
| Resto del título |
norma general sobre el uso e implementación de las tecnologías de la información y comunicación en el Estado dominicano. / |
| 264 ## - PRODUCCIÓN, PUBLICACIÓN, DISTRIBUCIÓN, FABRICACIÓN Y COPYRIGHT |
| Producción, publicación, distribución, fabricación y copyright |
Santo Domingo : |
| Nombre del de productor, editor, distribuidor, fabricante |
Departamento de Estabilización Normativas y Auditoría Técnica, |
| Fecha de producción, publicación, distribución, fabricación o copyright |
2014 |
| 300 ## - DESCRIPCIÓN FÍSICA |
| Extensión |
207 páginas ; |
| Otras características físicas |
Ilustraciones, gráficas ; |
| Dimensiones |
24 cm. |
| 336 ## - TIPO DE CONTENIDO |
| Fuente |
rdacontent |
| Término de tipo de contenido |
texto |
| Código de tipo de contenido |
txt |
| 337 ## - TIPO DE MEDIO |
| Fuente |
rdamedia |
| Nombre/término del tipo de medio |
sin mediación |
| Código del tipo de medio |
n |
| 338 ## - TIPO DE SOPORTE |
| Fuente |
rdacarrier |
| Nombre/término del tipo de soporte |
volumen |
| Código del tipo de soporte |
nc |
| 490 ## - MENCIÓN DE SERIE |
| Mención de serie |
Categoría: A |
| 490 ## - MENCIÓN DE SERIE |
| Mención de serie |
documento |
| Designación de volumen o secuencia |
1 |
| 500 ## - NOTA GENERAL |
| Nota general |
Incluye bibliografía y notas al pié de páginas. |
| 500 ## - NOTA GENERAL |
| Nota general |
Incluye glosario de términos, páginas 157- 101. |
| 500 ## - NOTA GENERAL |
| Nota general |
Incluye abreviaturas y acrónimos. |
| 504 ## - NOTA DE BIBLIOGRAFÍA, ETC. |
| Nota de bibliografía, etc. |
Bibliografía: páginas 189- 191 |
| 505 ## - NOTA DE CONTENIDO CON FORMATO |
| Nota de contenido con formato |
Prólogo. |
| Información miscelánea |
Marco Legal. |
| -- |
Introducción. |
| -- |
Capítulo I. |
| Título |
Normas sobre Publicaciones de Datos abiertos del Gobierno Dominicano.-- |
| Información miscelánea |
Capítulo II. |
| Título |
Levantamiento de la información.-- |
| Información miscelánea |
Capítulo III. |
| Título |
Identificación de la información reutilizable.-- |
| Información miscelánea |
Capítulo IV. |
| Título |
Estructuración de la información reutilizable |
| Información miscelánea |
Capítulo V. |
| Título |
Publicación de la información reutilizable.-- |
| -- |
Glosario de términos.-- |
| -- |
Abreviaturas y acrónimos.-- |
| -- |
Bibliografía.-- |
| -- |
Anexos.-- |
| -- |
Equipo de trabajo. |
| 590 ## - NOTA LOCAL (RLIN) |
| Nota local |
Inventariado, 2023 / MF |
| 942 ## - ELEMENTOS DE PUNTO DE ACCESO ADICIONAL (KOHA) |
| Fuente del sistema de clasificación o colocación |
Dewey Decimal Classification |
| Tipo de ítem Koha |
Libro |